|
|
|
|
| LEADER |
01882nam a2200517 a 4500 |
| 001 |
nkc20132464947 |
| 003 |
CZ PrNK |
| 005 |
20140203113406.0 |
| 007 |
ta |
| 008 |
130522s2012 xr abc f 000 0 cze |
| 015 |
|
|
|a cnb002464947
|
| 020 |
|
|
|a 978-80-7212-588-3
|q (váz.)
|
| 035 |
|
|
|a (OCoLC)872337179
|
| 040 |
|
|
|a BOA001
|b cze
|d ABA001
|
| 041 |
0 |
|
|a cze
|b eng
|
| 043 |
|
|
|a e-xr---
|
| 072 |
|
7 |
|a 502
|x Životní prostředí a jeho ochrana
|2 Konspekt
|9 2
|
| 080 |
|
|
|a 502.21(1-751)
|2 MRF
|
| 080 |
|
|
|a 581.526.42
|2 MRF
|
| 080 |
|
|
|a 502.171:630.1
|2 MRF
|
| 080 |
|
|
|a (437.3)
|2 MRF
|
| 080 |
|
|
|a (048.8:082)
|2 MRF
|
| 100 |
1 |
|
|a Vacek, Stanislav,
|d 1954-
|7 mzk2003188960
|4 aut
|4 pht
|
| 245 |
1 |
0 |
|a Péče o lesní ekosystémy v chráněných územích ČR /
|c Stanislav Vacek, Petr Moucha a kolektiv, spoluautoři Lukáš Bílek ... [et al.]
|
| 250 |
|
|
|a Vyd. 1.
|
| 260 |
|
|
|a Praha :
|b Ministerstvo životního prostředí,
|c 2012
|
| 300 |
|
|
|a 895 s. :
|b il. (převážně barev.), mapy, 1 portrét ;
|c 26 cm
|
| 500 |
|
|
|a 1500 výt.
|
| 504 |
|
|
|a Obsahuje bibliografii
|
| 546 |
|
|
|a Anglické resumé
|
| 650 |
0 |
7 |
|a chráněná území
|7 ph114251
|z Česko
|2 czenas
|
| 650 |
0 |
7 |
|a lesní ekosystémy
|7 ph115113
|z Česko
|2 czenas
|
| 650 |
0 |
7 |
|a ochrana lesa
|7 ph123660
|z Česko
|2 czenas
|
| 650 |
0 |
9 |
|a protected areas
|z Czechia
|2 eczenas
|
| 650 |
0 |
9 |
|a forest ecosystems
|z Czechia
|2 eczenas
|
| 650 |
0 |
9 |
|a forest conservation
|z Czechia
|2 eczenas
|
| 655 |
|
7 |
|a kolektivní monografie
|7 fd501537
|2 czenas
|
| 655 |
|
9 |
|a collective monographs
|2 eczenas
|
| 700 |
1 |
|
|a Moucha, Petr,
|d 1939-
|7 mzk2008442710
|4 aut
|4 pht
|
| 700 |
1 |
|
|a Bílek, Lukáš
|7 ola2003209092
|4 aut
|
| 910 |
2 |
|
|a BOA001
|b 3-1297.523
|
| 928 |
9 |
|
|a MŽP
|
| 990 |
|
|
|a BK
|
| 995 |
|
|
|a 01
|
| 991 |
|
|
|b 201306
|c NOV
|e n
|
| 996 |
6 |
|
|b 2610549799
|c 3-1297.523
|l MZK
|r Sklad / do 1 hodiny
|n 6
|p p.v.
|w 001330553
|u 000010
|a 1
|e BOA001
|j MZK50
|s P
|